Quiz o kręgowcach! - Statystyki

Ogólne statystyki
  • Ten quiz został rozwiązany 10 razy
  • Średni wynik to 5 z 10
Statystyki odpowiedzi
Zagadnienie Odpowiedź % Poprawnych
Czy ryby są zmiennocieplne? Tak.
86%
Czy gady mają skrzela? Nie
71%
Jak się nazywał europejski projekt który badał rozmnażanie węgorzy? EELIAD
57%
Czy płazy są zmiennocieplne? Tak
57%
Które zdjęcie przedstawia Padalca Zwyczajnego?
43%
Czy są prymitywne ssaki? Tak
43%
Jaki jest podział płazów? Beznogie,Bezogonowe,Ogonowe.
29%
Jakie jest zastosowanie odchodów Guano Naturalny nawóz.
29%
Jaka jest największa znana ryba? Rekin wielorybi
29%
Czy kijanka ma skrzela? Tak
29%
Nie znaleziono quizów pasujących do podanych kryteriów
Rozkład punktacji
Procent ludzi z każdym wynikiem
Percentyl według liczby udzielonych odpowiedzi
Twoja historia wyników
Nie rozwiązałeś tego quizu